Fractional calculus for hydrology, soil science and geomechanics : an introduction to applications /

Bibliographic Details
Main Author: Su, Ninghu, 1959- (Author)
Corporate Author: ProQuest (Firm)
Format: eBook
Language:English
Published: Boca Raton, FL : CRC Press, 2020.
Subjects:
Online Access:Connect to the full text of this electronic book

MARC

Tag First Indicator Second Indicator Subfields
LEADER 00000cam a22000001i 4500
001 in00004419087
006 m |o d |
007 cr |n|||||||||
008 210105s2020 flu ob 001 0 eng d
005 20250816212500.7
020 |a 9781351032414 (electronic bk.) 
020 |a 1351032410 (electronic bk.) 
020 |z 9781138491663 
020 |z 1138491667 
024 8 |a 40030289616 
035 |a (NhCcYBP)ebc6269443 
040 |a NhCcYBP  |c NhCcYBP  |d UtOrBLW 
050 4 |a GB656.2.M33  |b S8 2020 
070 0 |a GB656.2.M33  |b S8 2020 
082 0 4 |a 551.01/51583  |2 23 
100 1 |a Su, Ninghu,  |d 1959-  |e author.  |0 http://id.loc.gov/authorities/names/no2020047448 
245 1 0 |a Fractional calculus for hydrology, soil science and geomechanics :  |b an introduction to applications /  |c Ninghu Su. 
264 1 |a Boca Raton, FL :  |b CRC Press,  |c 2020. 
300 |a 1 online resource. 
336 |a text  |b txt  |2 rdacontent 
337 |a computer  |b c  |2 rdamedia 
338 |a online resource  |b cr  |2 rdacarrier 
504 |a Includes bibliographical references and index. 
505 0 |a Application of Fractional Calculus in Water Flow and Related Processes -- Mathematical Preliminaries -- Essential Properties of Soils and Aquifers as Porous Media -- Transition from Classical Diffusion to Anomalous Diffusion-The Evolution of Concepts and Ideas -- Fractional Partial Differential Equations for Water Movement in Soils -- Applications of Fractional Partial Differential Equations to Infiltration and Water Movement in Soils -- Fractional Differential Equations for Solute Transport in Soils -- Hydraulics of Anomalous Flow on Hillslopes, in Catchment Networks and Irrigated Fields -- Fractional Partial Differential Equations for Groundwater Flow -- Fractional Partial Differential Equations for Solute Transport in Groundwater -- Fractional Partial Differential Equations, Poroviscoelastic Media and Geomechanics. 
588 |a Description based on print version record. 
500 |a Electronic resource. 
650 0 |a Hydrology  |x Mathematical models.  |0 http://id.loc.gov/authorities/subjects/sh2008122176 
650 0 |a Soil science  |x Mathematical models. 
650 0 |a Soil mechanics  |x Mathematical models.  |0 http://id.loc.gov/authorities/subjects/sh2010113986 
650 0 |a Rock mechanics  |x Mathematical models.  |0 http://id.loc.gov/authorities/subjects/sh2010111351 
650 0 |a Fractional calculus.  |0 http://id.loc.gov/authorities/subjects/sh93004015 
655 7 |a Electronic books.  |2 local 
710 2 |a ProQuest (Firm)  |0 http://id.loc.gov/authorities/names/n2007068018 
776 1 8 |i ebook version :  |z 9781351032407 
776 1 8 |c Original  |z 9781138491663  |z 1138491667  |w (DLC) 2020013755 
856 4 0 |u https://ebookcentral.proquest.com/lib/tamucs/detail.action?docID=6269443  |z Connect to the full text of this electronic book  |t 0 
945 |b 733938 
955 |a YBP purchased approval e-records 
980 |b 315.00  |g 1 
987 |a ybp16865449 
999 f f |s 76f360bc-79a9-3c20-871d-43c879ce3639  |i b493c30a-ce0c-3e32-b230-25a1f561da63  |t 0 
952 f f |a Texas A&M University  |b College Station  |c Electronic Resources  |d Available Online  |t 0  |e GB656.2.M33 S8 2020  |h Library of Congress classification 
998 f f |a GB656.2.M33 S8 2020  |t 0  |l Available Online